第26回参議院議員選挙当選者 - Statistics

General Stats
  • This quiz has been taken 68 times
  • The average score is 37 of 125
Answer Stats
選挙区 当選者 政党 % Correct
東京都 蓮舫 立民
77%
東京都 山本太郎 れいわ
74%
全国比例 東谷義和 NHK
72%
全国比例 福島瑞穂 社民
70%
東京都 生稲晃子 自民
65%
全国比例 水道橋博士 れいわ
60%
北海道 徳永エリ 立民
58%
東京都 朝日健太郎 自民
58%
東京都 山添拓 共産
56%
全国比例 辻元清美 立民
56%
青森県 田名部匡代 立民
53%
全国比例 神谷宗幣 参政
53%
神奈川県 三原じゅん子 自民
51%
神奈川県 水野素子 立民
51%
北海道 長谷川岳 自民
49%
宮城県 桜井充 自民
49%
山形県 舟山康江 国民
49%
神奈川県 松沢成文 維新
49%
全国比例 田村智子 共産
49%
北海道 船橋利実 自民
47%
千葉県 小西洋之 立民
47%
埼玉県 上田清司 無所属
44%
東京都 竹谷とし子 公明
44%
長野県 杉尾秀哉 立民
44%
京都府 福山哲郎 立民
44%
岡山県 小野田紀美 自民
44%
全国比例 天畠大輔 れいわ
44%
千葉県 臼井正一 自民
42%
千葉県 猪口邦子 自民
42%
全国比例 赤松健 自民
42%
全国比例 中条きよし 維新
42%
全国比例 猪瀬直樹 維新
42%
岩手県 広瀬めぐみ 自民
40%
福島県 星北斗 自民
40%
神奈川県 浅尾慶一郎 自民
40%
奈良県 佐藤啓 自民
40%
全国比例 片山さつき 自民
40%
全国比例 今井絵理子 自民
40%
群馬県 中曽根弘文 自民
37%
富山県 野上浩太郎 自民
37%
愛知県 伊藤孝恵 国民
37%
大阪府 松川るい 自民
37%
兵庫県 伊藤孝江 公明
37%
和歌山県 鶴保庸介 自民
37%
鳥取・島根 青木一彦 自民
37%
広島県 宮沢洋一 自民
37%
秋田県 石井浩郎 自民
35%
滋賀県 小鑓隆史 自民
35%
静岡県 若林洋平 自民
33%
静岡県 平山佐知子 無所属
33%
全国比例 青山繁晴 自民
33%
全国比例 松野明美 維新
33%
全国比例 鬼木誠 立民
33%
茨城県 堂込麻紀子 無所属
30%
埼玉県 関口昌一 自民
30%
新潟県 小林一大 自民
30%
福井県 山崎正昭 自民
30%
兵庫県 末松信介 自民
30%
全国比例 青島健太 維新
30%
栃木県 上野通子 自民
28%
石川県 岡田直樹 自民
28%
京都府 吉井章 自民
28%
大阪府 浅田均 維新
28%
山口県 江島潔 自民
28%
宮崎県 松下新平 自民
28%
鹿児島県 野村哲郎 自民
28%
沖縄県 伊波洋一 無所属
28%
全国比例 石井章 維新
28%
全国比例 石井苗子 維新
28%
全国比例 青木愛 立民
28%
埼玉県 高木真理 立民
26%
大阪府 高木佳保里 維新
26%
兵庫県 片山大介 維新
26%
広島県 三上絵里 無所属
26%
香川県 磯崎仁彦 自民
26%
愛媛県 山本順三 自民
26%
佐賀県 福岡資麿 自民
26%
山梨県 永井学 自民
23%
三重県 山本佐知子 自民
23%
全国比例 自見英子 自民
23%
全国比例 友納理緒 自民
23%
全国比例 山谷えり子 自民
23%
全国比例 竹詰仁 国民
23%
福岡県 大家敏志 自民
21%
福岡県 古賀之士 立民
21%
大分県 古庄玄知 自民
19%
全国比例 長谷川英晴 自民
19%
全国比例 山田宏 自民
19%
全国比例 上田勇 公明
19%
全国比例 仁比聡平 共産
19%
全国比例 川合孝典 国民
19%
大阪府 石川博崇 公明
16%
全国比例 古賀千景 立民
16%
茨城県 加藤明良 自民
14%
神奈川県 三浦信祐 公明
14%
愛知県 藤川政人 自民
14%
全国比例 阿達雅志 自民
14%
全国比例 串田誠一 維新
14%
全国比例 村田享子 立民
14%
全国比例 岩渕友 共産
14%
埼玉県 西田実仁 公明
12%
愛知県 斎藤嘉隆 立民
12%
徳島・高知 中西祐介 自民
12%
全国比例 梶原大介 自民
12%
全国比例 進藤金日子 自民
12%
全国比例 金子道仁 維新
12%
全国比例 濱口誠 国民
12%
岐阜県 渡辺猛之 自民
9%
愛知県 里見隆治 公明
9%
福岡県 秋野公造 公明
9%
長崎県 山本啓介 自民
9%
全国比例 足立敏之 自民
9%
全国比例 井上義行 自民
9%
全国比例 柴慎一 立民
9%
全国比例 石橋通宏 立民
9%
全国比例 谷合正明 公明
9%
全国比例 藤井一博 自民
7%
全国比例 藤木眞也 自民
7%
全国比例 神谷政幸 自民
7%
全国比例 越智俊之 自民
7%
全国比例 熊野正士 公明
7%
全国比例 竹内真二 公明
5%
熊本県 松村祥史 自民
2%
全国比例 横山信一 公明
2%
全国比例 窪田哲也 公明
2%
No matching quizzes found
Score Distribution
Percent of People with Each Score
Percentile by Number Answered
Your Score History
You have not taken this quiz